Catálogo

Derecho laboral : (Registro nro. 27718)

Detalles MARC
000 -LEADER
fixed length control field 01002cam a2200289 i 4500
001 - CONTROL NUMBER
control field 27718
003 - CONTROL NUMBER IDENTIFIER
control field Mx-PuUPA
005 - DATE AND TIME OF LATEST TRANSACTION
control field 20230811145557.0
008 - FIXED-LENGTH DATA ELEMENTS--GENERAL INFORMATION
fixed length control field 140415s2014 mx r 000 0 spa d
020 ## - INTERNATIONAL STANDARD BOOK NUMBER
International Standard Book Number 9781456223823
040 ## - CATALOGING SOURCE
Original cataloging agency MX-PuUPA
Language of cataloging spa
Description conventions rda
Transcribing agency Mx-PuUPA
Modifying agency Mx-PuUPA
041 0# - LANGUAGE CODE
Language code of text/sound track or separate title spa
100 1# - MAIN ENTRY--PERSONAL NAME
Personal name Méndez Cruz, José Ricardo,
Relator term autor
9 (RLIN) 5007
245 10 - TITLE STATEMENT
Title Derecho laboral :
Remainder of title un enfoque práctico /
Statement of responsibility, etc. José Ricardo Méndez Cruz
250 ## - EDITION STATEMENT
Edition statement Segunda edición
264 #1 - PRODUCTION, PUBLICATION, DISTRIBUTION, MANUFACTURE, AND COPYRIGHT NOTICE
Place of production, publication, distribution, manufacture México, D. F. :
Name of producer, publisher, distributor, manufacturer McGraw-Hill Interamericana Editores,
Date of production, publication, distribution, manufacture, or copyright notice ©2014
300 ## - PHYSICAL DESCRIPTION
Extent viii, 297 páginas ;
Dimensions 23 cm.
336 ## - CONTENT TYPE
Content type term texto
Fuente rdacontent
Content type code txt
337 ## - MEDIA TYPE
Media type term sin medio
Source rdamedia
Media type code n
338 ## - CARRIER TYPE
Carrier type term volumen
Source rdacarrier
Carrier type code nc
650 #7 - SUBJECT ADDED ENTRY--TOPICAL TERM
Topical term or geographic name entry element Derecho laboral
Geographic subdivision México
Source of heading or term armac
650 #7 - SUBJECT ADDED ENTRY--TOPICAL TERM
Topical term or geographic name entry element Relaciones laborales
Source of heading or term armac
942 ## - ADDED ENTRY ELEMENTS (KOHA)
Source of classification or shelving scheme Dewey Decimal Classification
Koha item type Libro
Classification part 344.7201
Item part M534
Existencias
Withdrawn status Lost status Source of classification or shelving scheme Damaged status Not for loan Collection code Home library Current library Shelving location Date acquired Source of acquisition Total Checkouts Full call number Barcode Date last seen Price effective from Koha item type Date last checked out Copy number Cost, normal purchase price Cost, replacement price
    Dewey Decimal Classification     General Biblioteca Karol Wojtyla Biblioteca Karol Wojtyla Sala general 18/08/2021 1 1 344.7201 M534 2014 99998 19/12/2025 18/08/2021 Libro 05/12/2025 Ej.2 284.00 284.00
    Dewey Decimal Classification     General Biblioteca Karol Wojtyla Biblioteca Karol Wojtyla Sala general 18/08/2021 1 2 344.7201 M534 2014 99997 05/01/2026 18/08/2021 Libro 18/11/2022   284.00 284.00
    Dewey Decimal Classification   Consulta en sala General Tehuacán Tehuacán Sala general 21/07/2017 Compra   344.7201 MEN 2014 510901 08/05/2026 21/07/2017 Reserva permanente        
    Dewey Decimal Classification     General Tehuacán Tehuacán Sala general 26/07/2019   2 344.7201 M534 2014 968000000294 08/01/2025 26/07/2019 Libro 12/02/2024 Ej.2    
    Dewey Decimal Classification     General Tehuacán Tehuacán Sala general 07/02/2023     344.7201 M534 2014 968000001175 08/01/2025 07/02/2023 Libro   Ej.3    
    Dewey Decimal Classification     General Tehuacán Tehuacán Sala general 11/08/2023     344.7201 M534 2014 968000001571 08/01/2025 11/08/2023 Libro   Ej.5    
    Dewey Decimal Classification     General Tehuacán Tehuacán Sala general 11/08/2023   1 344.7201 M534 2014 968000001570 22/08/2025 11/08/2023 Libro 22/08/2025 Ej.4